Brochure on revised series of national product for 1960-61 to 1964-65. (Record no. 80114)

MARC details
000 -LEADER
fixed length control field 00597cam a22002051 4500
001 - CONTROL NUMBER
control field sa 68004317
003 - CONTROL NUMBER IDENTIFIER
control field DLC
005 - DATE AND TIME OF LATEST TRANSACTION
control field 20260227112501.0
008 - FIXED-LENGTH DATA ELEMENTS--GENERAL INFORMATION
fixed length control field 711108s1967 ii 00000 eng
010 ## - LIBRARY OF CONGRESS CONTROL NUMBER
LC control number sa 68004317 //r84
025 ## - OVERSEAS ACQUISITION NUMBER
Overseas acquisition number PL480:I-E-9225
043 ## - GEOGRAPHIC AREA CODE
Geographic area code a-ii---
050 0# - LIBRARY OF CONGRESS CALL NUMBER
Classification number HC440.I5
Item number I515
110 10 - MAIN ENTRY--CORPORATE NAME
Corporate name or jurisdiction name as entry element India.
Subordinate unit Central Statistical Organisation.
245 10 - TITLE STATEMENT
Title Brochure on revised series of national product for 1960-61 to 1964-65.
260 1# - PUBLICATION, DISTRIBUTION, ETC.
Place of publication, distribution, etc. [New Delhi]
Date of publication, distribution, etc. 1967.
300 ## - PHYSICAL DESCRIPTION
Extent viii, 106 p.
Dimensions 28 cm.
350 ## - PRICE (NR) (BK AM CF MU VM SE) [OBSOLETE]
Price Rs5.30
-- $1.91
650 #0 - SUBJECT ADDED ENTRY--TOPICAL TERM
Topical term or geographic name entry element National income
Geographic subdivision India
General subdivision Accounting.

No items available.

Powered by Koha